000 00812nam a2200265Ia 4500
005 20250425162332.0
008 250425s9999 xx 000 0 und d
020 _a9978443959
041 _aspa
043 _aec
082 _a352.007
100 _aLOPEZ GUERRERO, HERNANDO
245 0 _aESTADO DE CONCRECION DEL PROCESO DE DESCENTRALIZACION EN EL ECUADOR: LINEA DE BASE DE LA DESCENTRALIZACION A JULIO DE 2004
250 _a1A ED.
260 _aEcuador
_bGTZ
_c2005
260 _aQUITO
_bGTZ
300 _a126
500 _aCONAM CONSEJO NACIONAL DE MODERNIZACION DEL ESTADO
650 _aDESCENTRALIZACION-ECUADOR
650 _aEDUCACION-DESCENTRALIZACION
650 _aVIVIENDA-DESCENTRALIZACION
710 _aCONSEJO NACIONAL DE MODERNIZACION DEL ESTADO
942 _c01
010 _a63362
999 _c227100
_d227100